000 00954cab a2200301 4500
001 ABS52386
008 090401t1995 xxu||||| |||| 00| 0 eng d
035 _a(Sirsi) u75526
041 _aeng
100 _aRoskrow, B.
245 _aBidding in the shadow of tolls
260 _c1995
350 _a0
490 _aContract Journal
_v377(6013) 23 February 1995, 12-13(2)
520 _aFour new design, build, finance and operate (DBFO) road schemes have been put out to tender by the Highways Agency. Explains how the contract and bidding procedures will work.
650 _aDBFO SCHEMES
650 _aDESIGN BUILD FINANCE AND OPERATE SCHEMES
650 _aHIGHWAYS AGENCY
650 _aMOTORWAYS
650 _aPRIVATE FINANCE INITIATIVE
650 _aPRIVATE SECTOR
650 _aROADBUILDING
650 _aTENDER PROCESS
690 _aTRANSPORT AND COMMUNICATIONS
700 _aAtkinson, J.
942 _n0
948 _c04/03/1997
999 _c47524
_d47524